[Event "Treviso op-A 3rd"]
[Site "Treviso"]
[Date "2019.03.30"]
[Round "2.8"]
[White "Scian, Nicola"]
[Black "Porta, Federico"]
[Result "1/2-1/2"]
[WhiteElo "1877"]
[BlackElo "1781"]
[PlyCount "55"]
[EventDate "2019.03.29"]
[EventType "swiss"]
[EventRounds "5"]
[EventCountry "ITA"]
[SourceTitle "EXT 2024"]
[Source "ChessBase"]
[SourceDate "2023.10.10"]
[SourceVersion "1"]
[SourceVersionDate "2023.10.10"]
[SourceQuality "1"]

1. e4 c6 2. d4 d5 3. Nc3 dxe4 4. Nxe4 Bf5 5. Ng3 Bg6 6. Nf3 e6 7. h4 h6 8. Ne5 Bh7 9. Bd3 Bxd3 10. Qxd3 Nd7 11. Bf4 Nxe5 12. Bxe5 Qa5+ 13. c3 Nf6 14. Ne4 Be7 15. 0-0 0-0-0 16. Qe2 Qd5 17. Rfe1 Rhg8 18. Qf3 Nxe4 19. Qxe4 Qxe4 20. Rxe4 Bf6 21. Rae1 Rd5 22. g3 Bxe5 23. Rxe5 Rgd8 24. Kg2 g6 25. Kf3 Rxe5 26. Rxe5 Rd5 27. Ke4 Kd8 28. c4 1/2-1/2

[Event "Trieste Excelsior Palace op 1st"]
[Site "Trieste"]
[Date "2017.01.04"]
[Round "4"]
[White "Peric, Slavisa"]
[Black "Scian, Nicola"]
[Result "1-0"]
[WhiteElo "2168"]
[BlackElo "1828"]
[PlyCount "95"]
[EventDate "2017.01.02"]
[EventType "swiss"]
[EventRounds "7"]
[EventCountry "ITA"]
[SourceTitle "CBM 176 Extra"]
[Source "ChessBase"]
[SourceDate "2017.03.02"]
[SourceVersion "1"]
[SourceVersionDate "2017.03.02"]
[SourceQuality "1"]

1. d4 d5 2. Nf3 Nf6 3. c4 e6 4. Nc3 Be7 5. Bg5 0-0 6. e3 Nbd7 7. Rc1 a6 8. a4 Re8 9. Bd3 dxc4 10. Bxc4 c5 11. 0-0 cxd4 12. exd4 Nf8 13. Re1 Qb6 14. b3 Ng6 15. h3 Rd8 16. Qe2 Bb4 17. Red1 Bd7 18. Ne4 Be7 19. Nxf6+ gxf6 20. Be3 Qd6 21. d5 e5 22. a5 Rac8 23. Ne1 f5 24. Nf3 Bf6 25. Qd2 f4 26. Bb6 Re8 27. b4 e4 28. Bc5 Qb8 29. Nh2 Bh4 30. Qe2 f3 31. Qd2 Nf4 32. d6 Ng6 33. Qh6 Rxc5 34. bxc5 Qd8 35. Rd5 Qf6 36. Rh5 fxg2 37. Qxh7+ Kf8 38. Qh6+ Qg7 39. Rxh4 Qxh6 40. Rxh6 Kg7 41. Rh5 e3 42. fxe3 Rxe3 43. Ng4 Ra3 44. Rg5 f6 45. Rxg6+ Kxg6 46. Bd5 Rxh3 47. Nf2 Rh5 48. Bxb7 1-0

[Event "Trento op"]
[Site "Trento"]
[Date "2008.03.30"]
[Round "5"]
[White "Scian, Nicola"]
[Black "Paltrinieri, Nicholas"]
[Result "0-1"]
[WhiteElo "1659"]
[BlackElo "1896"]
[PlyCount "52"]
[EventDate "2008.03.28"]
[EventType "swiss"]
[EventRounds "5"]
[EventCountry "ITA"]
[SourceTitle "EXT 2011"]
[Source "ChessBase"]
[SourceDate "2010.11.26"]
[SourceVersion "1"]
[SourceVersionDate "2010.11.26"]
[SourceQuality "1"]

1. e4 d5 2. exd5 Qxd5 3. Nc3 Qd6 4. d4 Nf6 5. Nf3 Bg4 6. Be2 e6 7. Nb5 Qb6 8. a4 c6 9. Nc3 Bd6 10. a5 Qc7 11. h3 Bh5 12. 0-0 Nbd7 13. Be3 h6 14. Qd3 g5 15. Qc4 g4 16. hxg4 Bxg4 17. b4 a6 18. Na4 0-0-0 19. Nc5 Rdg8 20. Qd3 Rg7 21. c4 Rhg8 22. b5 Bh3 23. bxa6 Rxg2+ 24. Kh1 Rh2+ 25. Nxh2 Bg2+ 26. Kg1 Bxh2# 0-1

[Event "Pedavena op-B 2nd"]
[Site "Pedavena"]
[Date "2006.08.04"]
[Round "5"]
[White "Scian, Nicola"]
[Black "Bona, Massimiliano"]
[Result "1/2-1/2"]
[WhiteElo "1524"]
[BlackElo "1284"]
[PlyCount "54"]
[EventDate "2006.08.01"]
[EventType "swiss"]
[EventRounds "7"]
[EventCountry "ITA"]
[SourceTitle "EXT 2023"]
[Source "ChessBase"]
[SourceDate "2022.10.05"]
[SourceVersion "1"]
[SourceVersionDate "2022.10.05"]
[SourceQuality "1"]

1. e4 c5 2. Nf3 d6 3. Nc3 Nf6 4. Be2 e6 5. 0-0 Be7 6. d4 cxd4 7. Nxd4 Nc6 8. a4 0-0 9. Kh1 a6 10. f4 Bd7 11. Nf3 e5 12. f5 Qb6 13. Nd2 Nd4 14. Nc4 Qc7 15. Bd3 b5 16. Ne3 Bc6 17. Ng4 Rfd8 18. Nxf6+ Bxf6 19. Qg4 Kh8 20. Be3 b4 21. Bxd4 exd4 22. Ne2 Qe7 23. b3 Be5 24. Rae1 Rg8 25. Nf4 Bxf4 26. Qxf4 Qe5 27. Bc4 Rgf8 1/2-1/2

[Event "Pedavena op-B 2nd"]
[Site "Pedavena"]
[Date "2006.08.02"]
[Round "3"]
[White "Magis, Pierre"]
[Black "Scian, Nicola"]
[Result "1-0"]
[WhiteElo "1600"]
[BlackElo "1524"]
[PlyCount "78"]
[EventDate "2006.08.01"]
[EventType "swiss"]
[EventRounds "7"]
[EventCountry "ITA"]
[SourceTitle "EXT 2023"]
[Source "ChessBase"]
[SourceDate "2022.10.05"]
[SourceVersion "1"]
[SourceVersionDate "2022.10.05"]
[SourceQuality "1"]

1. e4 e5 2. Nf3 Nc6 3. Bc4 Nf6 4. d3 Be7 5. c3 d5 6. exd5 Nxd5 7. 0-0 0-0 8. Re1 Nb6 9. Bb3 Bf6 10. Be3 Bg4 11. Bc2 Nd5 12. Nbd2 Nxe3 13. Rxe3 Re8 14. Ne4 Be7 15. h3 Bh5 16. Ng3 Bg6 17. Nxe5 Nxe5 18. Rxe5 Qd6 19. d4 Bh4 20. Bxg6 Rxe5 21. Bxf7+ Kxf7 22. Qf3+ Qf6 23. Qxf6+ Kxf6 24. dxe5+ Kxe5 25. Re1+ Kd5 26. Nf5 Bf6 27. f3 Kc4 28. Rd1 g6 29. Ne3+ Kc5 30. Rd7 Re8 31. Ng4 Bh4 32. Rxc7+ Kd6 33. Rxh7 Bg3 34. Nh2 Re2 35. Nf1 Bf2+ 36. Kh2 Re1 37. Nd2 Ke5 38. Rxb7 Kf4 39. Rf7+ Kg5 1-0